Normal view MARC view

Entry Personal Name

Number of records used in: 1

001 - CONTROL NUMBER

  • control field: 1043

003 - CONTROL NUMBER IDENTIFIER

  • control field: PK-NaQUE

005 - DATE AND TIME OF LATEST TRANSACTION

  • control field: 20260629140643.0

008 - FIXED-LENGTH DATA ELEMENTS

  • fixed length control field: 260629|| aca||aabn | a|a d

040 ## - CATALOGING SOURCE

  • Original cataloging agency: PK-NaQUE
  • Transcribing agency: PK-NaQUE

100 ## - HEADING--PERSONAL NAME

  • Personal name: Dilshad Ahmed Zardari
  • Personal name: 21-MEEE-03
  • Personal name: Supervisor - Prof.Dr. Abdul Qayoom Jakhrani

670 ## - SOURCE DATA FOUND

  • Source citation: Work cat.: (PK-NaQUE)69098: Dilshad Ahmed Zardari 21-MEEE-03 Supervisor - Prof.Dr. Abdul Qayoom Jakhrani , Investigating Permeability Response of Municipal Solid Waste Clay Composite as Foundation Material for Single Story Building (Thesis ME), 2024